| 000 | 00699nam a22001577a 4500 | ||
|---|---|---|---|
| 003 | OSt | ||
| 005 | 20150922144924.0 | ||
| 008 | 150922b xxu||||| |||| 00| 0 eng d | ||
| 040 | _cRUA | ||
| 082 | _aAGR YIM 2007 B035 Or.1 | ||
| 100 |
_91120 _aYIM CHANSOPHEAK |
||
| 245 | _aRICE PRODUCTION TECHNIQUES IN SAMRAONG TONG, KAMPONG SPEU PROVINCE IN THE CONDITION OF RAINY SEASON,(បច្ចេកទេសផលិតកមក្មស្រូវ នៅស្រុកសំរោងទង ខេត្តកំពង់ស្ពឹ ក្នុងល័ក្ខខ័ណ្ឌរដូវវស្សា) | ||
| 260 |
_aphnom penh _bRUA _c2007 |
||
| 300 |
_axv,40p. _cill. _g29cm. |
||
| 942 |
_2ddc _cAGR |
||
| 999 |
_c1072 _d1072 |
||